01512na a2200385 450000100060000000300080000600500170001400800410003102000150007203500100008704000250009704100080012208200230013009000220015311100530017524500720022824600500030024600330035026000370038330000230042049000310044349000260047450400200050050500940052065000410061465100440065565100510069970000210075070000160077194200130078795201040080095201090090495200980101399900150111117307MIRAKIL20181213155224.0161114b tu 000 0  a9759051060 a17307 aMilasbturcTR-AnCHP atur a330.122bU48k 2005 a330.122 U48k 2005 aUlusal Sosyal Bilimler KongresicAnkarad2005n8 aKapitalizm ve Türkiyechazırlayanlar Fuat Ercan, Yüksel Akkaya aEmek, siyasal yaşam ve bölgesel kalkınma aKapitalizm, tarih ve ekonomi aAnkarabDipnot Yayınlarıc2005 a2 c.btbl.c21 sm. aMemleket halleri dizisiv3 aDipnot Yayınlarıv5 aKaynakça var. ac. 1: Kapitalizm, tarih ve ekonomi -- c. 2: Emek, siyasal yaşam ve bölgesel kalkınma aKapitalizm xTürkiyeyToplantılar aTürkiyexEkonomik durumyToplantılar aTürkiyexEkonomi politikalarıyToplantılar aAkkaya, Yüksel aErcan, Fuat 2ddccBKS a0001b0001d2016-11-14e2l0o330.122 U48k 2005p000276r2016-11-14 00:00:00v0.00w2016-11-14yBKS a0001b0001d2016-10-24e2hc.2l0o330.122 U48k 2005p007114r2016-10-24 00:00:00v0.00w2016-10-24yBKS a0002b0002d2017-05-15e2l0o330.122 U48k 2005pP00679r2017-05-15 00:00:00w2017-05-15yBKS c8789d8789